000 00519nam a2200181Ia 4500
999 _c32009
_d32009
003 OSt
005 20200728100405.0
008 190216s9999||||xx |||||||||||||| ||und||
020 _a9788173194764
040 _coclc
082 _a510
_bPAR/A
100 _aParimala, R
_93801
245 0 _aAlgebra, Arithmetic and Geometry Mumbai 2000 /
_c R Parimala
260 _bNarosa Pubs House,
_aNew Delhi:
_c2002.
300 _a651p
650 _aMathematics
942 _cBK
_2ddc
_h510
_iPAR/A
_k510
_mPAR/A